01163nam a2200301Ia 4500001001200000003000800012006001900020007001500039008004100054010001700095020002600112040002100138035002100159050002400180100002000204245008200224250001200306260004500318300002600363504005100389533015200440650002300592650005700615655002900672710001700701856012600718999001700844ebr10319010CaPaEBRm u cr cn|||||||||090609s2009 njua sb 001 0 eng d z 2009022672 z9780470057131 (cloth) aCaPaEBRcCaPaEBR a(OCoLC)44189314414aTK2861b.P48 2009eb1 aPhadke, Arun G.10aComputer relaying for power systemsh[electronic resource] /cArun G. Phadke. a2nd ed. aHoboken, NJ :bJohn Wiley & Sons,c2009. axviii, 326 p. :bill. aIncludes bibliographical references and index. aElectronic reproduction.bPalo Alto, Calif. :cebrary,d2009.nAvailable via World Wide Web.nAccess may be limited to ebrary affiliated libraries. 0aProtective relays. 0aElectric power systemsxProtectionxData processing. 7aElectronic books.2local2 aebrary, Inc.40uhttp://site.ebrary.com/lib/rucke/Doc?id=10319010zAn electronic book accessible through the World Wide Web; click to view c59188d59188